000 01140nam0a22002291 4500
001 rc\3926209
005 20250610125842.0
035 _a(NLR Aleph) 007914560
090 _a8118729
_c8118729
100 _a20130415d1954 |||y0rusy50 ca
101 0 _arus
102 _aRU
105 _ay z |||||
200 1 _a[Аннотации докладов
_fМ-во культуры СССР. Азерб. ордена Труд. красного знамени индустр. ин-т им. Азизбекова. Вторая науч.-метод. конференция профессорско-преподавательского состава. Баку, февр. 1954 г.
210 _aБаку
_cБ. и.
_d1954]
215 _a19 листовок
710 1 2 _aАзербайджанский институт нефти и химии им. М. Азизбекова (Баку). Научно-методическая конференция профессорско-преподавательского состава (1954)
801 0 _aRU
_bNLR
_gpsbo
801 1 _aRU
_bELAR
_2rusmarc
852 _aNLR
_jТ10 Г-6/198
942 _cBOOK
980 _aNB